000 00599nam a22002177a 4500
003 UA-OsUOA
001 83019
007 ta
008 20120327b un ||||| |||| 00| 0 ukr d
100 _aЛесіва Н.О.
090 _a32
_bЛ50
942 _cSA
040 _aUA-OsUOA
_bukr
_cUA-OsUOA
_dUA-OsUOA
245 _aПроблема Гібралтару в контексті відносин Великої Британії та Іспанії (1960-2010 рр.)
300 _aС.47-51
955 _a0
041 _aukr
080 _a32
773 0 _w83011
650 7 _a32 Політика
_2UDC
999 _c369356
_d369356